| 000 | 00575nmm a2200169Ia 4500 | ||
|---|---|---|---|
| 008 | 251105s9999||||xx |||||||||||||||||und|| | ||
| 020 | _a9789681675646 | ||
| 041 | _aspa | ||
| 100 | _aQuintanilla, Miguel Ángel | ||
| 245 | 0 |
_aTecnología : _b Un enfoque filosófico y otros ensayos de filosofía de la tecnología |
|
| 264 |
_a[México D.C., Mexico] : _bFondo de Cultura Económica, _c2016 |
||
| 300 | _a296 páginas | ||
| 490 | _aCiencia, Tecnología, Sociedad | ||
| 650 | _aPhilosophy, Ethics | ||
| 856 | _uhttps://public.digitaliapublishing.com/a/43783 | ||
| 942 | _cCF | ||
| 999 |
_c97017 _d97017 |
||